A revolução na empresa (Registo nº 197474)

Detalhes MARC
000 -Etiqueta do registo
Valores 00564nam 22001933 4500
021 ## - Número do Depósito Legal
Número 53086/92
100 ## - Dados gerais de processamento
Dados gerais 20250806d u||y0pory50 ba
200 ## - Titulo e menção de responsabilidade
Título próprio A revolução na empresa
Informação de outro título as tecnologias da informação na gestão empersarial
Primeira menção de responsabilidade Robert Heller
205 ## - Menção da edição
Edição
210 ## - Publicação
Local de publicação Lisboa
Nome do editor Editorial Presença
Data de publicação 1993
215 ## - Descrição física 
Paginação / Volumes 251 p.
Outras indicações físicas brochado
Dimensões 21 cm
606 ## - Nome comum usado como assunto
ID Autoridade 1108
Palavra de ordem Gestão empresarial
675 ## - CDU
Notação 658
Edição PT
Língua por
700 ## - Autor principal (pessoa individual)
ID Autoridade 13521
Apelido Heller
Nome Robert
801 ## - Fonte de origem
País PT
Agência BMMN
Regras de catalogação RPC
830 ## - Notas gerais do catalogador
Criado por Fernando
Indexado por Fernando
990 ## - Elementos KOHA
Tipo de documento Livro
Exemplares
Situação do levantamento Biblioteca de origem Código de barras Cota Permissão de empréstimo Tipo de documento Forma de aquisição
  Biblioteca Municipal de Montemor-o-Novo 25587 658 HEL|LG   Livro Compra

Powered by Koha